Statistics for Iconic British Symbols

Click here to take the quiz!

General Stats

  • This quiz has been taken 61 times
  • The average score is 21 of 36

Answer Stats

HintAnswer% Correct
National animal of EnglandLion
89%
National flower of EnglandRose
89%
Patron saint of EnglandSt George
86%
Famous Scottish musical instrumentBagpipes
84%
Patron saint of ScotlandSt Andrew
82%
London's most famous bellBig Ben
82%
National animal of WalesRed Dragon
81%
National tree of EnglandOak
79%
Name of the British flagUnion Flag
79%
Famous British meal, best eaten from newspaperFish 'n chips
79%
National flower of ScotlandThistle
77%
Vegetable symbol of WalesLeek
77%
Most famous kilt fabricTartan
75%
Patron saint of WalesSt David
74%
English folk dance with bells and sticksMorris Dancing
72%
Famous red mode of transport of LondonRoutemaster bus
70%
Famous black mode of transport of LondonHackney carriage
68%
Most famous red facilities found all overTelephone boxes
68%
National animal of ScotlandUnicorn
68%
British cat breed without tailsManx
65%
London's most iconic bridgeTower Bridge
63%
National flower of WalesDaffodil
61%
Considered most iconic dog breedBulldog
56%
Animal guardians of the tower of LondonRavens
53%
which is often misnamed asLondon Bridge
51%
Popular breakfast also known as a 'fry-up'Full English
49%
Unofficial national sport of ScotlandGolf
47%
Other famous red facilitiesPost boxes
42%
Parliamentary official who gets a door slammed in his faceBlack Rod
23%
Decorative romantic wood carvings associated with WalesLovespoons
19%
Emblem of the Isle of ManTriskelion
16%
Wales is the "Land of..."My fathers
16%
Isle of Man anthemArrane Ashoonagh Vannin
2%
Manx name for ^Cushag
2%
Flower of the Isle of ManRagwort
2%
Patron saint of Isle of ManSt Maughold
2%

Score Distribution

Percentile by Number Answered

Percent of People with Each Score

Your Score History

You have not taken this quiz